Statistics for Twice Cheer Up Movie References

Click here to take the quiz!

General Stats

  • This quiz has been taken 279 times
  • The average score is 7 of 9

Answer Stats

MovieTwice Member% Correct
Hwang JiniDahyun
92%
Gone With the WindTzuyu
85%
Sailor MoonSana
83%
Love LetterMina
82%
Resident EvilMomo
82%
ScreamNayeon
81%
Bring It OnJihyo
75%
The Great Train RobberyChaeyoung
74%
ChungKing ExpressJungyeon
55%

Score Distribution

Percentile by Number Answered

Percent of People with Each Score

Your Score History

You have not taken this quiz